| 000 | 00699nam a2200205Ia 4500 | ||
|---|---|---|---|
| 003 | GCL | ||
| 008 | 140319s9999 xx 000 0 ara d | ||
| 040 |
_aGCL / _cGCL |
||
| 082 | 0 | 4 |
_a245.03 _bع م |
| 100 | 1 | _aعبدالمنعم الحفنى | |
| 245 | 1 | 0 |
_aموسوعة الفرق والجماعات والمذاهب والاحزاب الاسلامية / _cعبدالمنعم الحفنى |
| 250 | _aالثانية | ||
| 260 |
_aالقاهرة : _bمكتبة مدبولى ، _c1999 |
||
| 300 |
_a723 ص ؛ _c24 سم |
||
| 490 | _a | ||
| 650 | 0 | 4 | _aالفرق الاسلامية |
| 650 | 0 | 4 | _aالمذاهب الاسلامية |
| 650 | 0 | 4 | _aالاسلام - موسوعات |
| 942 |
_2ddc _cBK |
||
| 999 |
_c52289 _d52289 |
||